000 00305nam a22001337a 4500
008 210226b ||||| |||| 00| 0 eng d
020 _a9780323044264
041 _aeng
080 _22nd
_a579
100 _a11
101 _aMIK
245 _aMicrobiology and Immunology
_cRosenthal,S.K
942 _2udc
_cBK
999 _c55261
_d55261